Анализ нормативно-правовых актов в области проектирования систем противопожарной защиты; Инновационные технологии в машиностроении

Detalles Bibliográficos
Parent link:Инновационные технологии в машиностроении.— 2025.— С. 157-162
Autor principal: Родионов П. В. Павел Вадимович
Otros Autores: Кольчурин И. Н.
Sumario:Проектирование систем пожарной защиты – это один из главных этапов в обеспечении мер по пожарной безопасности объекта недвижимости. Утвержденные нормативно-правовые акты распространяются как на юридических лиц, так и на ИП. Поскольку требования относительно ПБ отличаются для разных видов зданий, проекты разрабатываются в персональном порядке. Для защиты сооружения от возгораний, а также иных бедствий требуется правильно сконструировать пожарную сигнализацию, СОУЭ, системы пожаротушения и дымоудаления
Design of fire protection systems is one of the main stages in ensuring fire safety measures for a real estate object. Approved regulatory legal acts apply to both legal entities and individual entrepreneurs. Since fire safety requirements differ for different types of buildings, projects are developed on an individual basis. To protect a building from fires and other disasters, it is necessary to correctly design a fire alarm, fire alarm system, fire extinguishing and smoke removal systems
Текстовый файл
Lenguaje:ruso
Publicado: 2025
Materias:
Acceso en línea:https://earchive.tpu.ru/handle/11683/132067
Formato: Electrónico Capítulo de libro
KOHA link:https://koha.lib.tpu.ru/cgi-bin/koha/opac-detail.pl?biblionumber=680983

MARC

LEADER 00000naa2a2200000 4500
001 680983
005 20250728145053.0
090 |a 680983 
100 |a 20250702d2025 k||y0rusy50 ca 
101 0 |a rus 
102 |a RU 
135 |a drcn ---uucaa 
200 1 |a Анализ нормативно-правовых актов в области проектирования систем противопожарной защиты  |f П. В. Родионов, И. Н. Кольчурин 
283 |2 RDAcarrier 
320 |a Список использованных источников: 3 назв 
330 |a Проектирование систем пожарной защиты – это один из главных этапов в обеспечении мер по пожарной безопасности объекта недвижимости. Утвержденные нормативно-правовые акты распространяются как на юридических лиц, так и на ИП. Поскольку требования относительно ПБ отличаются для разных видов зданий, проекты разрабатываются в персональном порядке. Для защиты сооружения от возгораний, а также иных бедствий требуется правильно сконструировать пожарную сигнализацию, СОУЭ, системы пожаротушения и дымоудаления 
330 |a Design of fire protection systems is one of the main stages in ensuring fire safety measures for a real estate object. Approved regulatory legal acts apply to both legal entities and individual entrepreneurs. Since fire safety requirements differ for different types of buildings, projects are developed on an individual basis. To protect a building from fires and other disasters, it is necessary to correctly design a fire alarm, fire alarm system, fire extinguishing and smoke removal systems 
336 |a Текстовый файл 
463 1 |0 680673  |9 680673  |t Инновационные технологии в машиностроении  |o сборник трудов XVI Международной научно-практической конференции, г. Юрга, 22–23 мая 2025 г.  |c Томск  |d 2025  |n Изд-во ТПУ  |u conference_tpu-2025-C30.pdf  |v С. 157-162 
545 1 |a Промышленная безопасность 
610 1 |a труды учёных ТПУ 
610 1 |a электронный ресурс 
610 1 |a пожарная безопасность 
610 1 |a пожарная сигнализация 
610 1 |a пожарный извещатель 
610 1 |a пожаротушение 
610 1 |a fire safety system 
610 1 |a fire alarm system 
610 1 |a fire detector 
700 1 |a Родионов  |b П. В.  |c специалист в области экологии и безопасности жизнедеятельности  |c старший преподаватель Юргинский технологический институт (филиала) Томского политехнического университета, кандидат педагогических наук  |f 1972-  |g Павел Вадимович  |9 16131 
701 1 |a Кольчурин  |b И. Н. 
801 0 |a RU  |b 63413507  |c 20250702 
850 |a 63413507 
856 4 |u https://earchive.tpu.ru/handle/11683/132067  |z https://earchive.tpu.ru/handle/11683/132067 
942 |c CF